[Event "TUR Cup										"]
[Site "Antalya"]
[Date "2018.01.30"]
[Round "5"]
[White "Atas, Remzi"]
[Black "Baylav, Bartu"]
[Result "0-1"]
[WhiteElo "1558"]
[BlackElo "1754"]
[PlyCount "72"]
[EventDate "2018.01.27"]
[EventType "swiss"]
[EventRounds "11"]
[EventCountry "TUR"]
[SourceTitle "CBM 182 Extra"]
[Source "ChessBase"]
[SourceDate "2018.02.23"]
[SourceVersion "1"]
[SourceVersionDate "2018.02.23"]
[SourceQuality "1"]

1. Nf3 d5 2. g3 c5 3. Bg2 Nc6 4. 0-0 e5 5. d3 f6 6. Nbd2 Be6 7. c4 Nge7 8. cxd5 Nxd5 9. a3 Qd7 10. Nc4 Be7 11. Be3 Nxe3 12. fxe3 0-0 13. Qc2 Rac8 14. Qa4 Rb8 15. Qc2 b5 16. Ncd2 f5 17. Rfd1 f4 18. exf4 Nd4 19. Nxe5 Nxc2 20. Nxd7 Bxd7 21. Bd5+ Kh8 22. e4 Nxa1 23. Rxa1 Rb6 24. Nf3 Be6 25. Bxe6 Rxe6 26. f5 Rd6 27. Rd1 Rfd8 28. Ne5 Kg8 29. Rc1 Bf6 30. Rxc5 Bxe5 31. Rxe5 a6 32. Re7 Rxd3 33. e5 Rd2 34. f6 Rc8 35. f7+ Kf8 36. Re8+ Rxe8 0-1

[Event "TUR Cup										"]
[Site "Antalya"]
[Date "2018.01.29"]
[Round "4"]
[White "Baylav, Bartu"]
[Black "Eren, Ataberk"]
[Result "0-1"]
[WhiteElo "1754"]
[BlackElo "2165"]
[PlyCount "118"]
[EventDate "2018.01.27"]
[EventType "swiss"]
[EventRounds "11"]
[EventCountry "TUR"]
[SourceTitle "CBM 182 Extra"]
[Source "ChessBase"]
[SourceDate "2018.02.23"]
[SourceVersion "1"]
[SourceVersionDate "2018.02.23"]
[SourceQuality "1"]

1. e4 e6 2. d3 c5 3. g3 Nc6 4. Bg2 g6 5. Nf3 Bg7 6. 0-0 Nge7 7. c3 0-0 8. Nbd2 d6 9. Re1 Rb8 10. Nf1 e5 11. h4 h6 12. N3h2 d5 13. Qe2 d4 14. f4 b5 15. Bd2 dxc3 16. bxc3 b4 17. Rac1 bxc3 18. Bxc3 exf4 19. Bxg7 Kxg7 20. gxf4 Qd4+ 21. Qe3 Rb2 22. Rxc5 Rd8 23. Rd1 Qxe3+ 24. Nxe3 Nd4 25. Bf1 Rxa2 26. Rc7 Rd7 27. Rxd7 Bxd7 28. h5 gxh5 29. f5 Nec6 30. Nc4 Kf6 31. Rd2 Rxd2 32. Nxd2 a5 33. Kf2 a4 34. Nc4 Ne5 35. Na3 Kg5 36. Ke3 Ndc6 37. Nf3+ Nxf3 38. Kxf3 h4 39. Bh3 Bc8 40. Ke3 Ne5 41. d4 Ng4+ 42. Kf3 h5 43. d5 Ne5+ 44. Ke3 Kf6 45. Kf4 Ba6 46. Bg2 Nd3+ 47. Ke3 Ke7 48. Bf1 Nc5 49. Bg2 f6 50. Bh3 Kd6 51. Kd4 Nd7 52. Nc2 Be2 53. Ne3 Ne5 54. Nc2 Bg4 55. Bg2 h3 56. Bh1 Bf3 57. Na3 Bxh1 58. Nb5+ Kd7 59. Ke3 Bxe4 0-1

[Event "TUR Cup										"]
[Site "Antalya"]
[Date "2018.01.27"]
[Round "1"]
[White "Suvar, Necati"]
[Black "Baylav, Bartu"]
[Result "0-1"]
[WhiteElo "1311"]
[BlackElo "1754"]
[PlyCount "86"]
[EventDate "2018.01.27"]
[EventType "swiss"]
[EventRounds "11"]
[EventCountry "TUR"]
[SourceTitle "CBM 182 Extra"]
[Source "ChessBase"]
[SourceDate "2018.02.23"]
[SourceVersion "1"]
[SourceVersionDate "2018.02.23"]
[SourceQuality "1"]

1. e4 c6 2. Nc3 g6 3. Nf3 Bg7 4. d4 d6 5. Be2 Nf6 6. 0-0 0-0 7. b3 Qc7 8. Bb2 a6 9. a4 e5 10. d5 cxd5 11. Nxd5 Nxd5 12. exd5 Nd7 13. Nd2 f5 14. Nc4 Nb6 15. Rc1 Nxc4 16. Bxc4 f4 17. Be2 Qe7 18. Bf3 Bf5 19. Re1 g5 20. c4 b6 21. Ba1 a5 22. Be4 Qd7 23. f3 Rf6 24. Rc2 h5 25. Qd3 g4 26. Bxf5 Rxf5 27. Re4 Raf8 28. Bc3 Rg5 29. Be1 Bf6 30. Rce2 Rg7 31. Bf2 Bd8 32. Be1 h4 33. Kh1 h3 34. fxg4 hxg2+ 35. Rxg2 f3 36. Rf2 Rgf7 37. Bd2 Bh4 38. Rf1 f2 39. Bh6 Rf3 40. Qe2 R8f6 41. Kg2 Rxb3 42. g5 Qh3+ 43. Kh1 Bg3 0-1

[Event "TUR-chT"]
[Site "Izmir"]
[Date "2016.07.25"]
[Round "1.5"]
[White "Esen, Baris"]
[Black "Baylav, Bartu"]
[Result "1-0"]
[WhiteElo "2516"]
[BlackElo "1665"]
[PlyCount "55"]
[EventDate "2016.07.25"]
[EventType "team-swiss"]
[EventRounds "13"]
[EventCountry "TUR"]
[SourceTitle "CBM 173 Extra"]
[Source "ChessBase"]
[SourceDate "2016.08.29"]
[SourceVersion "1"]
[SourceVersionDate "2016.08.29"]
[SourceQuality "1"]
[WhiteTeam "Hatay Buyuksehir"]
[BlackTeam "Kocaeli Buyuksehir Belediyesi"]
[WhiteTeamCountry "TUR"]
[BlackTeamCountry "TUR"]

1. d4 e6 2. c4 Bb4+ 3. Nd2 Nf6 4. a3 Be7 5. e4 d6 6. Ngf3 c5 7. b3 cxd4 8. Nxd4 e5 9. Nc2 Be6 10. Be2 0-0 11. 0-0 Qb6 12. Kh1 Ne8 13. Bb2 f5 14. exf5 Bxf5 15. Ne3 Be6 16. Bg4 Nc7 17. Bxe6+ Nxe6 18. Nd5 Qd8 19. Ne4 Nf4 20. Nxf4 Rxf4 21. Qd5+ Kh8 22. c5 Nc6 23. cxd6 Bf6 24. Rad1 Qa5 25. f3 Rd8 26. g3 Rf5 27. g4 Rf4 28. Bc1 1-0